| LEADER |
00612nam0a2200193 450 |
| 001 |
16845820 |
| 010 |
|
|
|a 2-86410-029-0
|b Br.
|d 150 F
|
| 100 |
|
|
|a 19940101d1982 u u0frey01 ba
|
| 101 |
0 |
|
|a fre
|
| 102 |
|
|
|a FR
|
| 200 |
0 |
|
|a Champignons de Provence et des Alpes du Sud
|f Jean-Pierre Beretti
|
| 207 |
|
1 |
|a
|
| 210 |
|
|
|a Nice
|c Serre
|d 1982
|
| 215 |
|
|
|a 288 p.
|c ill. en coul.
|d 24 x 12 cm
|
| 225 |
1 |
|
|a Equilibres
|
| 700 |
|
0 |
|a Beretti
|b Jean-Pierre
|4 70
|
| 900 |
|
|
|a Provence
|
| 901 |
|
|
|a Accessible au prêt
|
| 995 |
|
|
|a Bibliothèque
|c Bibliothèque
|f 00156004668372
|h 00156004668372
|k P 589.2 BER
|o p
|q a
|r az
|e Bibliothèque
|